1038 1154 1335 1921 1590 1112 1523 1731 1669 1800 1566 1307 1419 1776 1471 1302 1440 1488 1806 1333 1667 1516 1589 1503 1445 1479 1843 1861 1397 1694 1665 1378 1451 1882 1276 1653 1660 1132 1416 1506 1939 1871 1772 1043 1367 1037 1732 1138 1282 1440 1234 1500 1262 1142 1268 1538 1632 1988 1140 1572 1768 1540 1024 1683 1698 1865 1216 1826 1998 1156 1615 1472 1104 1651 1490 1753 1833 1757 1972 1163 1562 1601 1393 1256 1394 1656 1108 1256 1587 1458 1129 1335 1504 1820 1531 1144 1011 1871 1172 BCNSPRNW ULIB Ver.6.0+V

เปลี่ยนเป็นภาษาไทย

Change to English
 แสดงรายละเอียดบรรณานุกรม
  กลับหน้าหลัก

Brief Record : Get Marc (ISO 2709) : E-mail record : QR code < ปิดหน้าต่าง
LEADER : 00000nam 2200000uu 4500
001    13399127199
003     ULIB
008    191021s2562||||th 000 0 tha d
020 ^- ^a9786160036073
050 ^- ^aนว.^bบ895อ^cล.1
100 ^- ^aแบมแบม.
245 10 ^aอาณาจักรพระอาทิตย์ เล่ม 1(SETTING SUN) /^cแบมแบม.
250 ^- ^aพิมพ์ครั้งที่ 1.
260 ^- ^aปทุมธานี :^bDeep,^c2562
300 ^- ^a308 หน้า.
945    ^p650^l0^i27890
999    ^aกัณชพร จุลอักษร
รายการนี้ยังไม่มีแท็ก
คุณยังไม่ได้ล็อกอิน คุณสามารถมีกิจกรรมร่วมกับเว็บไซต์ได้ แต่ต้องล็อกอินก่อน ::
  ล็อกอิน

รายการสื่อสารสนเทศ

ลำดับที่ ประเภท เลขเรียก/บาร์โค้ด สถานที่ สถานะ
1. วิทยาศาสตร์การแพทย์ และสุขภาพ
วิทยาศาสตร์การแพทย์ และสุขภาพ
นว. บ895อ ล.1 ฉ.1 
  Barcode: 27890
ห้องสมุดวิทยาเขตนครสวรรค์
►นวนิยาย:l:Fiction
บนชั้น
Note:1 ชุด 650บาท

รายการใกล้เคียง
    ผู้แต่ง [แบมแบม.]

BibComment


ยังไม่เคยถูกคอมเมนท์

คอมเมนท์ทรัพยากรรายการนี้
  คอมเมนท์: อาณาจักรพระอาทิต..


 Copyright 2026. Bcnsprnw @Library